书目信息 |
| 题名: |
新概念英语:练习祥解 2
|
|
| 作者: | 王雅华 编著 | |
| 分册: | 练习祥解 2 | |
| 出版信息: | 北京 外语教学与研究出版社 2001.05 |
|
| 页数: | 549页 | |
| 开本: | 20cm | |
| 丛书名: | ||
| 单 册: | ||
| 中图分类: | H31 | |
| 科图分类: | ||
| 主题词: | 英语 | |
| 电子资源: | ||
| ISBN: | 7-5600-1812-2 | |
| 000 | 00575nam0 2200193 45 | |
| 001 | 0429227625 | |
| 005 | 20041126090318.80 | |
| 010 | @a7-5600-1812-2@dCNY 21.90 | |
| 100 | @a20040430d2001 km y0chiy0120 ea | |
| 101 | 0 | @achi |
| 102 | @aCN@b110000 | |
| 200 | 1 | @a新概念英语:练习祥解 2@AXin Gai Nian Ying Yu:Lian Xi Xiang Jie 2@f王雅华编著@FWang Ya Hua Bian Zhu@h练习祥解 2 |
| 210 | @a北京@c外语教学与研究出版社@d2001.05 | |
| 215 | @a549页@d20cm | |
| 606 | 0 | @a英语 |
| 690 | @aH31@v3 | |
| 701 | 0 | @a王雅华@AWang Ya Hua@4编著 |
| 801 | 0 | @aCN@bPFT@c20041126 |
| 905 | @dH31@eX5361:2 | |
| 新概念英语:练习祥解 2/王雅华编著.练习祥解 2.-北京:外语教学与研究出版社,2001.05 |
| 549页;20cm |
| ISBN 7-5600-1812-2:CNY 21.90 |
| ● |
| 相关链接 |
|
|
|
正题名:新概念英语:练习祥解 2
索取号:H31/X5361:2
 
预约/预借
| 序号 | 登录号 | 条形码 | 馆藏地/架位号 | 状态 | 备注 |
| 1 | 378205 | 203782059 | 语言库209/ [索取号:H31/X5361:2] | 在馆 | |
| 2 | 378206 | 203782068 | 语言库209/400B社科库 8排3列6层/ [索取号:H31/X5361:2] | 在馆 | |
| 3 | 378207 | 203782077 | 语言库209/400B社科库 13排3列3层/ [索取号:H31/X5361:2] | 在馆 | |
| 4 | 378208 | 203782086 | 语言库209/400B社科库 6排1列5层/ [索取号:H31/X5361:2] | 在馆 | |
| 5 | 378209 | 203782095 | 语言库209/400B社科库 11排1列1层/ [索取号:H31/X5361:2] | 在馆 | |
| 6 | 427347 | 204273473 | 语言库209/101建筑库 98排3列2层/ [索取号:H31/X5361:2] | 在馆 | |
| 7 | 427348 | 204273482 | 语言库209/209语言库 88排3列1层/ [索取号:H31/X5361:2] | 在馆 | |
| 8 | 427349 | 204273491 | 语言库209/400B社科库 13排3列4层/ [索取号:H31/X5361:2] | 在馆 | |
| 9 | 427350 | 204273507 | 语言库209/400B社科库 6排1列5层/ [索取号:H31/X5361:2] | 在馆 | |
| 10 | 427351 | 204273516 | 语言库209/209语言库 88排3列1层/ [索取号:H31/X5361:2] | 在馆 |